Akreditovaný systém certifikácie služieb
Dôležitá úloha noriem, ktoré sú ochranou pre výrobcov a poskytovateľov služieb pred nečestnou konkurenciou v trhovom prostredí. Čo obsahuje norma na služby. Spôsoby, ako sa dá preukázať zhoda s normou. Vlastná deklarácia. Registrácia - registrovaná vlastná deklarácia. Certifikácia treťou stranou. Vý...
Salvato in:
| Autore principale: | |
|---|---|
| Natura: | Capitolo di libro |
| Lingua: | slovacco |
| Soggetti: | |
| Tags: |
Nessun Tag, puoi essere il primo ad aggiungerne!!
|
MARC
| LEADER | 00000naa$a2200000$$$4500 | ||
|---|---|---|---|
| 001 | 0098479 | ||
| 005 | 20230511072246.9 | ||
| 041 | 0 | |a slo | |
| 044 | |a SK | ||
| 245 | 1 | 0 | |a Akreditovaný systém certifikácie služieb |c Anna Špačková |
| 520 | |a Dôležitá úloha noriem, ktoré sú ochranou pre výrobcov a poskytovateľov služieb pred nečestnou konkurenciou v trhovom prostredí. Čo obsahuje norma na služby. Spôsoby, ako sa dá preukázať zhoda s normou. Vlastná deklarácia. Registrácia - registrovaná vlastná deklarácia. Certifikácia treťou stranou. Výhody certifikovanej služby. Zavedený systém a schémy certifikácie služieb v Slovenskom ústave technickej normalizácie | ||
| 610 | 2 | 0 | |a certifikácia |
| 610 | 2 | 0 | |a certifikáty |
| 610 | 2 | 0 | |a normy |
| 610 | 2 | 0 | |a normalizácia |
| 610 | 2 | 0 | |a služby |
| 610 | 2 | 0 | |a kvalita |
| 610 | 2 | 0 | |a konkurencia |
| 100 | 1 | |a Špačková, Anna | |